000 01211nam a22002297a 4500
001 9026
003 FISKH
005 20251114113930.0
008 251114b cb ||||| |||| 00| 0 eng d
020 _a9780194644990
040 _aFISKH
_beng
_cFISKH
_dFISKH
050 _aPE1126.A4 S7975
082 _a388
100 _aStyring, James
245 _aTransportation then and now /
_cJames Styring
260 _aNew York:
_bOxford University Press,
_c2010.
300 _a56 pages :
_bcolor illustrations ;
_c21 cm
520 _aThis exciting new series of non-fiction readers provides interesting and educational content, with activities and project work. The readers are graded at four levels, from 3 to 6, suitable for students from age 8 and older. They can support Content and Language Integrated Learning (CLIL), andcover a broad range of topics, within three curriculum areas:The World of Science and TechnologyThe Natural WorldThe World of Arts and Social StudiesAlso available for each reader:Activity BookAudio CD Pack (Reader and Audio CD)Teacher's Notes and CLIL guidance at www.oup.com/elt/readanddiscover
650 _aTransportation
_xPast and Present
942 _2ddc
_cBK
_n0
999 _c9026
_d9026